[Event "Rajkot RCPA op 2nd"]
[Site "Rajkot"]
[Date "2019.08.16"]
[Round "6"]
[White "Gajanan, Vijay Jayde"]
[Black "Sawyan, Baran De"]
[Result "1-0"]
[WhiteElo "1877"]
[BlackElo "1551"]
[PlyCount "39"]
[EventDate "2019.08.13"]
[EventType "swiss"]
[EventRounds "10"]
[EventCountry "IND"]
[SourceTitle "EXT 2021"]
[Source "ChessBase"]
[SourceDate "2020.10.23"]
[SourceVersion "1"]
[SourceVersionDate "2020.10.23"]
[SourceQuality "1"]

1. d4 d5 2. c4 c6 3. Nf3 e6 4. e3 Nf6 5. b3 dxc4 6. bxc4 Be7 7. Bd3 0-0 8. 0-0 Nbd7 9. Nc3 Bb4 10. Qc2 Qa5 11. Bd2 Qh5 12. Rab1 Bd6 13. Ne2 b6 14. e4 e5 15. Ng3 Qg4 16. Nf5 Ba3 17. h3 Qg6 18. Rb3 Re8 19. Rxa3 exd4 20. e5 1-0

[Event "Thane ARMS op 1st"]
[Site "Thane"]
[Date "2018.04.22"]
[Round "8"]
[White "Gajanan, Vijay Jayde"]
[Black "Boricha, Ketan"]
[Result "1/2-1/2"]
[WhiteElo "1793"]
[BlackElo "1981"]
[PlyCount "102"]
[EventDate "2018.04.21"]
[EventType "swiss (rapid)"]
[EventRounds "9"]
[EventCountry "IND"]
[SourceTitle "CBM 184 Extra"]
[Source "ChessBase"]
[SourceDate "2018.06.28"]
[SourceVersion "1"]
[SourceVersionDate "2018.06.28"]
[SourceQuality "1"]

1. d4 Nf6 2. c4 e6 3. Nc3 Bb4 4. Qc2 d5 5. a3 Bxc3+ 6. Qxc3 0-0 7. Bg5 h6 8. Bxf6 Qxf6 9. e3 c5 10. Nf3 cxd4 11. exd4 Nc6 12. Be2 dxc4 13. 0-0 b6 14. Ne5 Nxe5 15. dxe5 Qe7 16. Bf3 Bb7 17. Bxb7 Qxb7 18. Qxc4 Rac8 19. Qe2 Rc5 20. Rac1 Rfc8 21. Rxc5 Rxc5 22. Rd1 Qc7 23. f4 Rc2 24. Rd8+ Qxd8 25. Qxc2 Qd4+ 26. Qf2 Qd1+ 27. Qf1 Qd2 28. g3 Qxb2 29. Qa6 Qc1+ 30. Kg2 Qc7 31. a4 Qd7 32. h4 h5 33. Kh2 Kh7 34. Kg2 Kg6 35. Kh2 Kf5 36. Qe2 Kg6 37. Qa6 f6 38. exf6 gxf6 39. Kg2 Qd2+ 40. Kg1 Qe1+ 41. Kg2 Kf5 42. Qxa7 Qe2+ 43. Kh3 Qf1+ 44. Kh2 Qf2+ 45. Kh3 Qf1+ 46. Kh2 Qe2+ 47. Kh3 Qf1+ 48. Kh2 Kg4 49. Qg7+ Kf3 50. Qb7+ Kg4 51. Qg7+ Kf3 1/2-1/2

[Event "Thane ARMS op 1st"]
[Site "Thane"]
[Date "2018.04.22"]
[Round "7"]
[White "Kadam, Om Manish"]
[Black "Gajanan, Vijay Jayde"]
[Result "0-1"]
[WhiteElo "1353"]
[BlackElo "1793"]
[PlyCount "156"]
[EventDate "2018.04.21"]
[EventType "swiss (rapid)"]
[EventRounds "9"]
[EventCountry "IND"]
[SourceTitle "CBM 184 Extra"]
[Source "ChessBase"]
[SourceDate "2018.06.28"]
[SourceVersion "1"]
[SourceVersionDate "2018.06.28"]
[SourceQuality "1"]

1. e4 c6 2. c4 d5 3. exd5 cxd5 4. cxd5 Nf6 5. Nc3 Nxd5 6. Nf3 Nc6 7. Bb5 e6 8. d4 Be7 9. 0-0 0-0 10. Re1 Bf6 11. Ne4 Nce7 12. Nxf6+ Nxf6 13. Bg5 Bd7 14. Bxd7 Qxd7 15. Ne5 Qd5 16. Re3 Nf5 17. Rd3 Ne4 18. Bf4 Rfd8 19. Nf3 h6 20. Be3 Rac8 21. h3 Nxe3 22. fxe3 Rc7 23. Qb3 Qd6 24. Rad1 Rdc8 25. Nd2 Nxd2 26. R3xd2 b6 27. e4 Rc4 28. Qd3 Rc1 29. Rxc1 Rxc1+ 30. Rd1 Rc8 31. Qd2 Rc4 32. b3 Rc8 33. Qd3 g6 34. g3 Kg7 35. Kg2 Qb4 36. Rd2 Rc3 37. Qe2 Qd6 38. Rd3 Rc1 39. Qd2 Rc8 40. d5 exd5 41. Rxd5 Qe6 42. Qd4+ Kh7 43. Qd3 Qf6 44. e5 Qc6 45. Kh2 Qc2+ 46. Qd2 Qf5 47. g4 Qe4 48. Rd4 Qxe5+ 49. Kg2 Re8 50. Qf4 Qe2+ 51. Qf2 Qe6 52. Rd2 Kg8 53. Kh2 Qe5+ 54. Qg3 Qb5 55. Qf2 Qc6 56. Qg2 Qe6 57. Qf2 Rc8 58. Re2 Qd6+ 59. Qg3 Qd1 60. Qe3 Rc2 61. Rxc2 Qxc2+ 62. Kg3 Qxa2 63. Qe8+ Kg7 64. Qe5+ Kh7 65. Qe3 Qa3 66. Qd3 Qc5 67. Qf3 Qd6+ 68. Kg2 Qe6 69. Qd3 a5 70. Kf3 Kg7 71. Kg2 Qc6+ 72. Kg3 Kh7 73. Qe3 b5 74. Qd3 a4 75. bxa4 bxa4 76. Kh2 Qe6 77. Qf3 Qa2+ 78. Kg1 Qb3 0-1